Top 100 rappers - Statistics

General Stats
  • This quiz has been taken 95 times
  • The average score is 15 of 100
Answer Stats
Answer % Correct
26 2pac
81%
2 Kendrick Lamar
76%
13 The Notorious B.I.G
76%
19 Eminem
73%
11 Kanye West
69%
7 Jay-Z
67%
43 Dr. Dre
64%
25 Snoop Dogg
63%
17 Lil Wayne
54%
4 Nas
51%
23 Ice Cube
50%
73 50 Cent
46%
22 J. Cole
41%
29 Travis Scott
34%
44 Future
30%
3 Andre 3000
24%
6 Tyler, the Creator
24%
12 Ghostface Killah
19%
38 GZA
19%
16 Rakim
19%
9 Lauryn Hill
16%
50 Raekwon
16%
31 Big Pun
14%
97 Ludacris
14%
64 Missy Elliott
14%
56 Big Boi
13%
14 Big L
13%
39 Earl Sweatshirt
13%
95 Ice-T
13%
54 Method Man
13%
10 Pusha T
13%
86 Redman
13%
24 Common
11%
60 DMX
11%
1 Mac Miller
11%
15 A$AP Rocky
10%
96 Coolio
10%
40 MF DOOM
10%
8 Mos Def/Yasiin Bey
10%
66 Ol' Dirty Bastard
10%
46 Scarface
10%
70 Fat Joe
9%
48 LL Cool J
9%
5 Q-Tip
9%
99 The Game
9%
93 Young Thug
9%
69 Baby Keem
7%
45 Busta Rhymes
7%
21 JID
7%
34 Kid Cudi
7%
68 KRS-One
7%
71 T.I
7%
82 2 Chainz
6%
41 Black Thought
6%
62 Denzel Curry
6%
78 Joey Bada$$
6%
57 Kurupt
6%
76 Megan Thee Stallion
6%
100 Offset
6%
18 Prodigy
6%
83 Queen Latifah
6%
74 ScHoolboy Q
6%
30 Slick Rick
6%
61 Westside Gunn
6%
94 Benny the Butcher
4%
20 Chuck D
4%
63 Danny Brown
4%
52 Freddie Gibbs
4%
79 Inspectah Deck
4%
32 Jadakiss
4%
90 Killer Mike
4%
35 Malice
4%
27 Run
4%
58 Talib Kweli
4%
42 Warren G
4%
88 Conway the Machine
3%
47 Guru
3%
59 Kool G Rap
3%
28 Lupe Fiasco
3%
33 Pimp C
3%
87 Big K.R.I.T
1%
81 Bun B
1%
75 Fabolous
1%
49 Jeezy
1%
80 Masta Ace
1%
72 MC Lyte
1%
51 Mike D
1%
92 Twista
1%
53 Vince Staples
1%
36 Childish Gambino
0%
65 Immortal Technique
0%
98 Isaiah Rashad
0%
89 Kevin Abstract
0%
85 Kool Moe Dee
0%
37 Little Simz
0%
91 MC Eiht
0%
77 Meechie Darko
0%
67 Pharoah Monch
0%
55 Treach
0%
84 Wyclef Jean
0%
No matching quizzes found
Score Distribution
Percent of People with Each Score
Percentile by Number Answered
Your Score History
You have not taken this quiz